Language, technology, and society / (رقم التسجيلة. 19147)

تفاصيل مارك
000 -الفاتح
حقل البيانات ثابتة الطول 01517cam a2200385 a 4500
001 - رقم الضبط
رقم الضبط 16048851
003 - محدد رقم الضبط
رقم الضبط OSt
005 - وقت وتاريخ اخر تعامل مع التسجيلة
رقم الضبط 20150408113953.0
008 - عناصر البيانات ثابتة الطول - معلومات عامة
حقل البيانات ثابتة الطول 111203s2010 enka b 001 0 eng d
010 ## - رقم ضبط مكتبة الكونجرس
رقم ضبط مكتبة الكونجرس 2010920353
015 ## - رقم الببليوجرافية الوطنية
رقم الببليوجرافية الوطنية GBA9C2440
المصدر bnb
015 ## - رقم الببليوجرافية الوطنية
رقم الببليوجرافية الوطنية GBA9C2440
المصدر dnb
016 7# - رقم ضبط الوكاله الوطنية للضبط الببليوجرافي
رقم ضبط التسجيلة 015442265
المصدر Uk
020 ## - الرقم الدولى المعيارى للكتب
الرقم الدولى المعيارى للكتاب 9780199549382
020 ## - الرقم الدولى المعيارى للكتب
الرقم الدولى المعيارى للكتاب 0199549389
035 ## - رقم ضبط النظام
رقم ضبط النظام (OCoLC)ocn477256340
040 ## - مصدر الفهرسة
وكالة الفهرسة الأصلية UKM
وكالة النسخ UKM
وكالة التعديل YDXCP
-- BWKUK
-- BWK
-- DEBBG
-- BWX
-- CDX
-- SINLB
-- DLC
042 ## - رمز التحقق
رمز التحقق ukscp
-- lccopycat
050 00 - رقم طلب مكتبة الكونجرس
رقم التصنيف P211
رقم المادة .S66 2010
082 04 - رقم تصنيف ديوى العشرى
رقم التصنيف 420.285 S R L
رقم الطبعة 22
084 ## - رقم تصنيف آخر
رقم التصنيف ES 900
مصدر الرقم rvk
100 1# - المدخل الرئيسى - إسم شخصى
الإسم الشخصى Sproat, Richard William.
9 (RLIN) 6949
245 10 - بيان العنوان
العنوان Language, technology, and society /
بيان المسئوليه,etc Richard Sproat.
260 ## - PUBLICATION, DISTRIBUTION, ETC. (IMPRINT)
مكان الناشر او الموزع Oxford ;
-- New York :
اسم الناشر او الموزع Oxford University Press,
تاريخ النشر أو التوزيع 2010.
300 ## - الوصف المادى
التعداد xiii, 286 p. :
تفاصيل ماديه اخرى للوعاء ill. ;
أبعاد الوعاء 24 cm.
504 ## - تبصرة ببليوجرافية
تبصرة ببليوجرافية,الخ Includes bibliographical references (p. [263]-278) and index.
650 #0 - المدخل الاضافى بالموضوع-مصطلح موضوعى
مصطلح موضوعي أو اسم جغرافي كعنصر مدخل Computational linguistics.
9 (RLIN) 3419
650 #0 - المدخل الاضافى بالموضوع-مصطلح موضوعى
مصطلح موضوعي أو اسم جغرافي كعنصر مدخل Sociolinguistics.
856 42 - الوصول و الموقع الالكترونى
مواد محددة Contributor biographical information
معرف المصدر الموحد <a href="http://www.loc.gov/catdir/enhancements/fy1011/2010920353-b.html">http://www.loc.gov/catdir/enhancements/fy1011/2010920353-b.html</a>
856 42 - الوصول و الموقع الالكترونى
مواد محددة Publisher description
معرف المصدر الموحد <a href="http://www.loc.gov/catdir/enhancements/fy1011/2010920353-d.html">http://www.loc.gov/catdir/enhancements/fy1011/2010920353-d.html</a>
856 41 - الوصول و الموقع الالكترونى
مواد محددة Table of contents only
معرف المصدر الموحد <a href="http://www.loc.gov/catdir/enhancements/fy1011/2010920353-t.html">http://www.loc.gov/catdir/enhancements/fy1011/2010920353-t.html</a>
906 ## - عنصر بيانات محلى F, LDF (RLIN)
a 7
b cbc
c copycat
d 2
e epcn
f 20
g y-gencatlg
942 ## - عناصر المدخل الإضافي( كوها)
مصدر التصنيف او مخطط الترفيف Dewey Decimal Classification
Koha [default] item type DVD
المقتنيات
حالة الفقد نموذج السعر الفعال حالة تلف ليس للاعارة رقم الطلب تاريخ الاكتساب الموقع الحالي الباركود الفرع الرئيسي Date last seen نوع المادة فى نظام كوها مصدر التصنيف او خطة الترفيف Total Checkouts
  2013-03-10     420.285 S R L 2011-12-03 قسم الاجراءات الفنية (IC) 00101134 قسم الاجراءات الفنية (IC) 2013-03-10 كتاب Dewey Decimal Classification  
  2013-03-10     420.285 S R L 2011-12-03 قسم الاجراءات الفنية (IC) 00101135 قسم الاجراءات الفنية (IC) 2013-03-10 كتاب Dewey Decimal Classification